000 00321nam a22001457a 4500
008 210608b ||||| |||| 00| 0 eng d
020 _a9780078112065
041 _aeng
080 _24th
_a339.138
082 _a339.138
100 _a60
101 _aMAR
245 _aThe Core Marketing
_cKerin,R.A
942 _2udc
_cBK
999 _c58058
_d58058